Dibujo geométrico : primer curso de oficial industrial para las especialidades de mecánicos, electricistas, químicos, ... / por José Bundó Miró primer curso de oficial industrial para las especialidades de mecánicos, electricistas, químicos, ... / por José Bundó Miró
Publicado:
Barcelona :
Escuela Elemental del Trabajo de la Diputación Provincial de Barcelona, [194 - ?]
Descripción Física:
[32] p. de làm. ; 15 x 21 cm
Otros Autores:
Escola Elemental del Treball (Barcelona)
Materias:
Dibuix lineal
MARC
| LEADER | 00000nam a2200000Ia 4500 | ||
|---|---|---|---|
| 001 | 8268 | ||
| 008 | 160829s9999 xx 000 0 cat d | ||
| 080 | |a FU-8-53 | ||
| 100 | |a Bundó Miró, José |9 30308 | ||
| 245 | |a Dibujo geométrico : |b primer curso de oficial industrial para las especialidades de mecánicos, electricistas, químicos, ... / por José Bundó Miró | ||
| 260 | |a Barcelona : |b Escuela Elemental del Trabajo de la Diputación Provincial de Barcelona, [194 - ?] | ||
| 300 | |a [32] p. de làm. ; |c 15 x 21 cm | ||
| 650 | 0 | |a Dibuix lineal |9 20008 | |
| 700 | |a Escola Elemental del Treball (Barcelona) |9 55345 | ||
| 901 | |a Arxiu | ||
| 942 | |n 1 | ||
| 952 | |0 0 |1 0 |4 0 |6 FU853 |7 1 |9 45375 |a Arxiu |b Arxiu |d 2016-12-01 |l 0 |o FU-8-53 |p 8268 |r 2016-12-01 00:00:00 |w 2016-12-01 |y ARXIU | ||
| 999 | |c 48450 |d 48450 | ||